Colonists and Their Former Colonies/Occupied Territories - Statistics

General Stats
  • This quiz has been taken 142 times
    96 since last reset
  • The average score is 103 of 139
Answer Stats
Continent Colonist Country % Correct
Europe Ukraine
96%
Europe Latvia
92%
Europe Soviet Union Belarus
91%
Europe Estonia
91%
Europe Lithuania
91%
Asia Kazakhstan
88%
Europe Moldova
88%
Oceania United Kingdom Australia
86%
South America Portugal Brazil
86%
South America Colombia
86%
Oceania New Zealand
86%
South America Ecuador
85%
South America Spain Argentina
83%
Asia Azerbaijan
83%
Asia Georgia
83%
South America United Kingdom Guyana
83%
South America Peru
83%
Asia Soviet Union Armenia
82%
Oceania Tonga
82%
South America Chile
81%
Middle America Cuba
81%
Oceania Fiji
81%
Asia India
81%
Asia The Netherlands Indonesia
81%
Oceania Marshall Islands
81%
Oceania Papua New Guinea
81%
South America Paraguay
81%
Oceania Samoa
81%
South America The Netherlands Suriname
81%
South America Spain & Portugal Uruguay
81%
South America Venezuela
81%
South America Bolivia
79%
North America United Kingdom Canada
79%
Asia Kyrgyzstan
79%
Oceania Palau
79%
Oceania Solomon Islands
79%
Asia Tajikistan
79%
Asia Uzbekistan
79%
Africa Portugal Angola
78%
Middle East United Kingdom Bahrain
78%
Africa Cape Verde
78%
Africa Spain Equatorial Guinea
78%
Oceania Micronesia
78%
Middle America Nicaragua
78%
Middle East Oman
78%
Middle America Panama
78%
Asia United States Philippines
78%
Middle East Qatar
78%
Asia Turkmenistan
78%
Asia Vietnam
78%
Middle East Yemen
78%
Middle America Belize
77%
Middle America Dominican Republic
77%
Africa Guinea
77%
Middle America France Haiti
77%
Middle America Honduras
77%
North America Mexico
77%
Africa Spain & France Morocco
77%
Africa Mozambique
77%
Africa Sudan
77%
Africa Democratic Republic of the Congo
76%
Asia Portugal East Timor
76%
Africa Egypt
76%
Middle America Guatemala
76%
Africa Guinea-Bissau
76%
Oceania Kiribati
76%
Oceania Nauru
76%
Africa United Kingdom & Italy Somalia
76%
Africa Togo
76%
Oceania Tuvalu
76%
Middle East United Arab Emirates
76%
Oceania United Kingdom & France Vanuatu
76%
Africa France Algeria
74%
Asia France Cambodia
74%
Middle America Spain Costa Rica
74%
Middle America El Salvador
74%
Africa Italy Eritrea
74%
Africa United Kingdom & Germany Ghana
74%
Africa Mauritius
74%
Asia Pakistan
74%
Africa Republic of the Congo
74%
Africa Rwanda
74%
Asia Singapore
74%
North America United States
74%
Africa Benin
73%
Africa Belgium Burundi
73%
Africa Eswatini
73%
Asia Laos
73%
Africa Lesotho
73%
Asia Malaysia
73%
Africa Mali
73%
Africa Seychelles
73%
Africa Burkina Faso
72%
Africa Comoros
72%
Middle America Jamaica
72%
Africa Kenya
72%
Africa Mauritania
72%
Asia Myanmar
72%
Africa Germany Namibia
72%
Africa Niger
72%
Africa São Tomé et Príncipe
72%
Africa South Sudan
72%
Asia United Kingdom Bangladesh
71%
Asia Brunei
71%
Africa United Kingdom & France Cameroon
71%
Africa Chad
71%
Africa Djibouti
71%
Africa Gabon
71%
Africa Madagascar
71%
Africa Nigeria
71%
Africa South Africa
71%
Asia Sri Lanka
71%
Middle America United Kingdom Bahamas
69%
Africa Central African Republic
69%
Africa Sierra Leone
69%
Africa The Gambia
69%
Africa Uganda
69%
Africa Zimbabwe
69%
Africa Ivory Coast
68%
Africa United States Liberia
68%
Africa Tanzania
68%
Africa Tunisia
68%
Africa United Kingdom Botswana
67%
Africa Senegal
67%
Africa Zambia
67%
Middle America United States Puerto Rico
63%
North America Denmark Greenland
62%
Africa Malawi
62%
Asia Maldives
60%
North America New Mexico
60%
North America California
59%
North America Texas
59%
North America Spain (state) Arizona
54%
North America Florida
54%
North America United States Alaska
49%
Middle East Cyprus
49%
Europe East Germany
47%
Oceania United States Hawaii
41%
South America France French Guyana
35%
No matching quizzes found
Score Distribution
Percent of People with Each Score
Percentile by Number Answered
Your Score History
You have not taken this quiz since the last reset